[Event "AUTO-ADV-4922"]
[Site "http://www.queenalice.com/game.php?id=1872887"]
[Date "2026.5.3"]
[Round "2"]
[White "maurice916"]
[Black "Connor"]
[Result "1-0"]
[WhiteElo "1874"]
[BlackElo "1928"]

1. Nf3 d5 2. b3 c5 3. Bb2 e6 4. e3 Nf6 5. d4 Nc6 6. Bb5 cxd4 7. exd4 Bd7 8. O-O
h6 9. c4 a6 10. Bxc6 bxc6 11. Nc3 Bd6 12. c5 Bc7 13. Re1 Ba5 14. Re2 Nh7 15. Ne5
O-O 16. Nxd7 Qxd7 17. f4 Nf6 18. Qf1 Bc7 19. Rd1 Nh5 20. Bc1 Qd8 21. g3 Nf6 22.
Qh3 Nh7 23. f5 exf5 24. Qxf5 Re8 25. Rf1 Qf6 26. Rxe8+ Rxe8 27. Qd7 Qe7 28. Qxc6
1-0

[Event "AUTO-ADV-4922"]
[Site "http://www.queenalice.com/game.php?id=1872888"]
[Date "2026.5.3"]
[Round "2"]
[White "Connor"]
[Black "maurice916"]
[Result "1/2-1/2"]
[WhiteElo "1897"]
[BlackElo "1842"]

1. d4 Nf6 2. c4 d5 3. e3 c6 4. Nf3 Bg4 5. Nc3 e6 6. c5 a5 7. Be2 b6 8. cxb6 Qxb6
9. a3 Be7 10. Rb1 O-O 11. Nd2 Bxe2 12. Qxe2 Na6 13. Nf3 Ne4 14. Qc2 f5 15. Ne5
Rad8 16. Na4 Qb5 17. Qxc6 Qxc6 18. Nxc6 Rd7 19. Nxe7+ Rxe7 20. Nc3 Rc8 21. Nxe4
fxe4 22. Bd2 a4 23. O-O Rc4 24. b3 axb3 25. Rxb3 Nc7 26. Rc1 Rxc1+ 27. Bxc1 Ne8
28. g3 Nf6 29. a4 Ra7 30. Ra3 Nd7 31. Bd2 Nb6 32. a5 Nc4 33. Ra2 Nxd2 34. Rxd2
Rxa5 35. Kg2 Kf7 36. g4 g5 37. Rd1 Kf6 38. Kg3 e5 39. dxe5+ Kxe5 40. h4 h6 41.
hxg5 hxg5 42. Rh1 Ra6 43. Rh5 Rg6 44. f3 exf3 45. Kxf3 Rf6+ 1/2-1/2

[Event "AUTO-ADV-4922"]
[Site "http://www.queenalice.com/game.php?id=1872891"]
[Date "2026.5.3"]
[Round "2"]
[White "zubarev"]
[Black "Connor"]
[Result "1-0"]
[WhiteElo "1970"]
[BlackElo "1921"]

1. d4 d5 2. Nf3 e6 3. Nc3 Nf6 4. e3 c5 5. Ne5 c4 6. f4 Bb4 7. Bd2 a6 8. Be2 Nc6
9. Nxc6 bxc6 10. O-O Bd6 11. Bf3 c5 12. Qe1 cxd4 13. exd4 Qb6 14. Kh1 Bb4 15.
Na4 Bxd2 16. Nxb6 Bxe1 17. Nxa8 Ba5 18. c3 Bb7 19. b4 Bd8 20. a4 Bxa8 21. Rfb1
Bc6 22. b5 axb5 23. axb5 Bd7 24. b6 O-O 25. b7 1-0

[Event "AUTO-ADV-4922"]
[Site "http://www.queenalice.com/game.php?id=1872892"]
[Date "2026.5.3"]
[Round "2"]
[White "Connor"]
[Black "zubarev"]
[Result "0-1"]
[WhiteElo "1936"]
[BlackElo "1955"]

1. d4 d5 2. e3 Bf5 3. Nf3 e6 4. c4 Nf6 5. Nc3 Bb4 6. c5 Nc6 7. Bd3 Bxd3 8. Qxd3
O-O 9. O-O Bxc3 10. Qxc3 Ne4 11. Qe1 f5 12. a3 Qf6 13. Nd2 Rae8 14. Qe2 e5 15.
Nxe4 dxe4 16. dxe5 Nxe5 17. Bd2 Nd3 18. Bc3 Qg6 19. b4 f4 20. exf4 Nxf4 0-1